|
|
|
|
| LEADER |
02431nam a2200685 i 4500 |
| 001 |
nkc20162856710 |
| 003 |
CZ PrNK |
| 005 |
20170406135755.0 |
| 007 |
ta |
| 008 |
161116s2016 xr acfhf 001 0bcze |
| 015 |
|
|
|a cnb002856710
|
| 020 |
|
|
|a 978-80-86948-25-6
|q (vázáno)
|
| 035 |
|
|
|a (OCoLC)965749065
|
| 040 |
|
|
|a BOA001
|b cze
|e rda
|
| 041 |
0 |
|
|a cze
|b cze
|b eng
|
| 043 |
|
|
|a e-xr---
|a e-cs---
|
| 045 |
|
|
|a w7x4
|
| 072 |
|
7 |
|a 930
|x Historická věda. Pomocné vědy historické. Archivnictví
|2 Konspekt
|9 8
|
| 072 |
|
7 |
|a 929
|x Biografie
|2 Konspekt
|9 8
|
| 080 |
|
|
|a 930-051
|2 MRF
|
| 080 |
|
|
|a 32-051
|2 MRF
|
| 080 |
|
|
|a 354.11-051
|2 MRF
|
| 080 |
|
|
|a 341.71
|2 MRF
|
| 080 |
|
|
|a 929
|2 MRF
|
| 080 |
|
|
|a (437.3)
|2 MRF
|
| 080 |
|
|
|a (437)
|2 MRF
|
| 080 |
|
|
|a (092)
|2 MRF
|
| 080 |
|
|
|a (048.8)
|2 MRF
|
| 100 |
1 |
|
|a Morávková, Naděžda,
|d 1961-
|7 xx0087623
|4 aut
|
| 245 |
1 |
0 |
|a Plzeňan Kamil Krofta /
|c Naděžda Morávková
|
| 246 |
3 |
0 |
|a Kamil Krofta
|
| 264 |
|
1 |
|a Plzeň :
|b Koniáš,
|c 2016
|
| 300 |
|
|
|a 359 stran, xxxvii stran obrazových příloh :
|b ilustrace, portréty, faksimile ;
|c 22 cm
|
| 336 |
|
|
|a text
|b txt
|2 rdacontent
|
| 337 |
|
|
|a bez média
|b n
|2 rdamedia
|
| 338 |
|
|
|a svazek
|b nc
|2 rdacarrier
|
| 500 |
|
|
|a 500 výtisků
|
| 504 |
|
|
|a Obsahuje bibliografie, bibliografické odkazy a rejstřík
|
| 546 |
|
|
|a Anglické a německé resumé
|
| 600 |
3 |
7 |
|a Kroftovi (rod)
|7 mzk2016934871
|2 czenas
|
| 600 |
1 |
7 |
|a Krofta, Kamil,
|d 1876-1945
|7 jk01063388
|2 czenas
|
| 648 |
|
7 |
|a 19.-20. století
|7 ch757015
|2 czenas
|
| 648 |
|
4 |
|a 1876-1945
|
| 650 |
0 |
7 |
|a historici
|7 ph114665
|z Česko
|y 19.-20. století
|2 czenas
|
| 650 |
0 |
7 |
|a politici
|7 ph115781
|z Československo
|2 czenas
|
| 650 |
0 |
7 |
|a ministři zahraničí
|7 ph122899
|z Československo
|2 czenas
|
| 650 |
0 |
7 |
|a diplomaté
|7 ph119471
|z Československo
|2 czenas
|
| 650 |
0 |
9 |
|a historians
|z Czechia
|y 19th-20th centuries
|2 eczenas
|
| 650 |
0 |
9 |
|a politicians
|z Czechoslovakia
|2 eczenas
|
| 650 |
0 |
9 |
|a ministers of foreign affairs
|z Czechoslovakia
|2 eczenas
|
| 650 |
0 |
9 |
|a diplomats
|z Czechoslovakia
|2 eczenas
|
| 655 |
|
7 |
|a biografie
|7 fd131909
|2 czenas
|
| 655 |
|
7 |
|a monografie
|7 fd132842
|2 czenas
|
| 655 |
|
9 |
|a biography
|2 eczenas
|
| 655 |
|
9 |
|a monographs
|2 eczenas
|
| 910 |
2 |
|
|a BOA001
|b 2-1376.961
|
| 990 |
|
|
|a BK
|
| 995 |
|
|
|a 01
|
| 991 |
|
|
|b 201611
|c NOV
|
| 996 |
6 |
|
|b 2610688638
|c 2-1376.961
|l MZK
|r Sklad / do 1 hodiny
|n 1
|p p.v.
|w 001588883
|u 000010
|a 1
|e BOA001
|j MZK50
|s P
|